SUSTAINABLE RURAL DEVELOPMENT POLICY IN POLANDENVIRONMENTAL ASPECTS

Bibliographic Details
Main Author: Mosiej, Józef (Author)
Format: Article
Language:English

MARC

LEADER 00000nab a2200000uu 4500
001 vtls011460190
003 SK-MaSNL
005 20260303151536.0
008 230222|2014 xo |||||||||||||||||eng|
015 |a SNBRB 
035 |a (urnnbn)urn:nbn:sk:snk:ar-a0abn2 
035 |a (uuid)c873bf13-2bfe-430e-b537-748066c057c7 
035 |a urn:nbn:sk:snk-abcu5h 
040 |a SNKBUCL  |b slo  |c SNKBUCL  |e AACR2 
041 0 |a eng 
044 |a xo  |c SK 
100 1 |a Mosiej, Józef  |4 aut  |9 788050 
245 1 0 |a SUSTAINABLE RURAL DEVELOPMENT POLICY IN POLANDENVIRONMENTAL ASPECTS  |c Józef Mosiej 
773 0 |t Acta regionalia et environmentalica : vedecký časopis pre regionálne a environmentálne vedy  |g Roč. 11, č. 2 (2014), s. 41-51 
958 |a OND 
958 |a EUIPO 
958 |a article16 
999 |c 2018151  |d 2020081